| 000 | 00534nam a2200169 a 4500 | ||
|---|---|---|---|
| 001 | 000021058 | ||
| 005 | 20200930011224.0 | ||
| 008 | 100830s1994 dr ac 001 0 spa d | ||
| 040 |
_aDO-SdBNP _bspa _cBNPHU |
||
| 082 |
_axxxxx _bM828h |
||
| 100 | 1 |
_aA. Morales, H. Alfredo _922058 |
|
| 245 | 1 | 0 |
_aHermano victorino : _bitinerario evangelico / _cH. Alfredo A. Morales. |
| 260 |
_aSanto Domingo : _bAmigo del Hogar, _c1994. |
||
| 300 |
_a340 p. : _bil., retrs. ; _c28 cm. |
||
| 504 | _aIncluye bibliografía (p. 333 -334) | ||
| 049 | _aBNPD | ||
| 999 |
_c20561 _d20561 |
||